| 000 | 00641cam a2200229 a 4500 | ||
|---|---|---|---|
| 001 | 4037196 | ||
| 005 | 20180308070212.0 | ||
| 008 | 990401s1999 txua b 001 0 eng | ||
| 010 | _a 98085990 | ||
| 020 | _a0030223431 | ||
| 040 |
_aDLC _cDLC _dDLC |
||
| 041 | _aeng | ||
| 080 | _a332.6 fra | ||
| 082 | 0 | 0 |
_a332.6 fra _221 |
| 100 | 1 | _a53 | |
| 101 | _ainv | ||
| 245 | 1 | 0 |
_aInvestments / _cFrank K. Reilly, Edgar A. Norton. |
| 504 | _aIncludes bibliographical references and indexes. | ||
| 906 |
_a7 _bcbc _corignew _d3 _eopcn _f19 _gy-gencatlg |
||
| 942 |
_2ddc _cBK |
||
| 999 |
_c44455 _d44455 |
||